[Event "Staufer op 32nd"]
[Site "Schwaebisch Gmuend"]
[Date "2020.01.02"]
[Round "2"]
[White "Englert, Jon"]
[Black "Welling, Gerard J"]
[Result "0-1"]
[WhiteElo "2106"]
[BlackElo "2289"]
[PlyCount "88"]
[EventDate "2020.01.02"]
[EventType "swiss"]
[EventRounds "9"]
[EventCountry "GER"]
[SourceTitle "CBM 194 Extra"]
[Source "ChessBase"]
[SourceDate "2020.03.31"]
[SourceVersion "1"]
[SourceVersionDate "2020.03.31"]
[SourceQuality "1"]

1. d4 g6 2. c4 Bg7 3. e4 d6 4. f3 e5 5. d5 f5 6. Nc3 Nd7 7. Be3 Bh6 8. Bxh6 Qh4+ 9. g3 Qxh6 10. Qd2 Qxd2+ 11. Kxd2 Ngf6 12. Bh3 fxe4 13. fxe4 Nc5 14. Bxc8 Rxc8 15. Re1 a5 16. h3 0-0 17. g4 Rf7 18. Re3 Rcf8 19. Nge2 h6 20. b3 Nh7 21. h4 Rf1 22. Rhh3 R8f2 23. Kc2 Rg2 24. Rhg3 Rxg3 25. Rxg3 Nf6 26. g5 hxg5 27. Rxg5 Kf7 28. Ng3 Rf2+ 29. Kd1 Rh2 30. h5 Nxh5 31. Nxh5 gxh5 32. Ke1 Rc2 33. Nb5 Nxe4 34. Rxh5 c6 35. dxc6 bxc6 36. Na7 Rxa2 37. Rh3 a4 38. Nxc6 a3 39. Rf3+ Ke6 40. Nb4 Ra1+ 41. Ke2 a2 42. Nc2 Rc1 43. Kd3 Rxc2 44. Rf1 Rb2 0-1

[Event "Staufer op 32nd"]
[Site "Schwaebisch Gmuend"]
[Date "2020.01.02"]
[Round "1"]
[White "Stork, Oliver"]
[Black "Englert, Jon"]
[Result "1/2-1/2"]
[WhiteElo "2267"]
[BlackElo "2106"]
[PlyCount "119"]
[EventDate "2020.01.02"]
[EventType "swiss"]
[EventRounds "9"]
[EventCountry "GER"]
[SourceTitle "EXT 2021"]
[Source "ChessBase"]
[SourceDate "2020.10.23"]
[SourceVersion "1"]
[SourceVersionDate "2020.10.23"]
[SourceQuality "1"]

1. c4 c5 2. Nf3 Nc6 3. e3 d6 4. Nc3 Bg4 5. h3 Bxf3 6. Qxf3 e6 7. g3 g6 8. Bg2 Bg7 9. Rb1 Rb8 10. b3 Nge7 11. g4 f5 12. Bb2 0-0 13. Qg3 Nb4 14. Bf1 d5 15. a3 Nbc6 16. cxd5 exd5 17. Na4 Bxb2 18. Rxb2 b6 19. b4 cxb4 20. axb4 f4 21. exf4 Qd6 22. f5 Qxg3 23. fxg3 gxf5 24. g5 f4 25. g4 Ng6 26. Nc3 Rbd8 27. Kf2 Nge5 28. Bb5 Nd4 29. Ra2 Rf7 30. Rha1 Ndf3 31. Rxa7 Rxa7 32. Rxa7 Nxg5 33. d4 Ng6 34. Nxd5 Kf8 35. Nxb6 Rxd4 36. Nd7+ Ke7 37. Nc5+ Kf8 38. Ra8+ Ke7 39. Ra7+ Kf8 40. Ra8+ Ke7 41. Re8+ Kf7 42. Rb8 Nxh3+ 43. Kg2 Ng5 44. Nb3 Rd6 45. Be8+ Ke7 46. b5 Rd3 47. Nc5 Rd2+ 48. Kf1 Nf3 49. Bc6 Nge5 50. Rb7+ Kd8 51. Rb8+ Ke7 52. Rb7+ Kd8 53. Bxf3 Nxf3 54. Rxh7 Nh2+ 55. Kg1 Nxg4 56. Ne6+ Kc8 57. Nxf4 Rb2 58. Rg7 Ne5 59. Nd5 Rxb5 60. Ne7+ 1/2-1/2

[Event "Heusenstamm Sparkassen op-A 6th"]
[Site "Heusenstamm"]
[Date "2019.11.24"]
[Round "6"]
[White "Englert, Jon"]
[Black "Voss, Georg"]
[Result "1-0"]
[WhiteElo "2117"]
[BlackElo "1950"]
[PlyCount "87"]
[EventDate "2019.11.21"]
[EventType "swiss"]
[EventRounds "7"]
[EventCountry "GER"]
[SourceTitle "CBM 194 Extra"]
[Source "ChessBase"]
[SourceDate "2020.03.31"]
[SourceVersion "1"]
[SourceVersionDate "2020.03.31"]
[SourceQuality "1"]

1. d4 d5 2. c4 c6 3. Nf3 Nf6 4. g3 dxc4 5. Bg2 Bf5 6. Nc3 e6 7. Ne5 Bb4 8. 0-0 0-0 9. Nxc4 Nd5 10. Qb3 Bxc3 11. bxc3 b5 12. Nd2 Nb6 13. Ba3 Re8 14. e4 Bg6 15. f4 f6 16. Rae1 a5 17. e5 b4 18. Bb2 bxc3 19. Qxc3 Nd5 20. Qc4 f5 21. Ba3 a4 22. Bd6 Qa5 23. Nf3 Qc3 24. Qxc3 Nxc3 25. Re3 Ne4 26. Ba3 Rd8 27. Rc1 Be8 28. Rd3 h6 29. Nd2 c5 30. Nxe4 fxe4 31. Bxe4 Ra5 32. dxc5 Rxd3 33. Bxd3 Bc6 34. Kf2 Kf7 35. Ke3 Nd7 36. Be4 Ra6 37. Bxc6 Rxc6 38. Kd4 g5 39. Kc4 gxf4 40. gxf4 Kg6 41. Kb5 Nb8 42. Rg1+ Kf7 43. Rd1 Kg6 44. Rd8 1-0

[Event "Heusenstamm Sparkassen op-A 6th"]
[Site "Heusenstamm"]
[Date "2019.11.23"]
[Round "5"]
[White "Berberich, Christoph"]
[Black "Englert, Jon"]
[Result "1/2-1/2"]
[WhiteElo "1958"]
[BlackElo "2117"]
[PlyCount "91"]
[EventDate "2019.11.21"]
[EventType "swiss"]
[EventRounds "7"]
[EventCountry "GER"]
[SourceTitle "CBM 194 Extra"]
[Source "ChessBase"]
[SourceDate "2020.03.31"]
[SourceVersion "1"]
[SourceVersionDate "2020.03.31"]
[SourceQuality "1"]

1. d4 Nf6 2. Nf3 g6 3. c4 Bg7 4. Nc3 d5 5. cxd5 Nxd5 6. e4 Nxc3 7. bxc3 c5 8. Rb1 0-0 9. Qd2 Nd7 10. Be2 e5 11. dxe5 Nxe5 12. Nxe5 Bxe5 13. f4 Qxd2+ 14. Bxd2 Bg7 15. Kf2 b6 16. e5 Rd8 17. Rhd1 Bf5 18. Rb2 Bd3 19. Be1 Bxe2 20. Kxe2 Rxd1 21. Kxd1 f6 22. exf6 Bxf6 23. a4 Kf7 24. a5 Rd8+ 25. Kc2 Re8 26. axb6 axb6 27. Bd2 Re2 28. Rxb6 Rxg2 29. Rb7+ Be7 30. h4 h5 31. c4 Ke6 32. Kd3 Bxh4 33. Be3 Be7 34. Ke4 h4 35. Rb6+ Kf7 36. Rb7 Ke8 37. Rb8+ Kd7 38. Rb7+ Kd8 39. Rb8+ Kc7 40. Rh8 Kd6 41. f5 gxf5+ 42. Kxf5 Rc2 43. Rh6+ Kd7 44. Rh7 Kd8 45. Rh8+ Kd7 46. Rh7 1/2-1/2

[Event "Heusenstamm Sparkassen op-A 6th"]
[Site "Heusenstamm"]
[Date "2019.11.21"]
[Round "1"]
[White "Rieger, Mario"]
[Black "Englert, Jon"]
[Result "0-1"]
[WhiteElo "1849"]
[BlackElo "2117"]
[PlyCount "66"]
[EventDate "2019.11.21"]
[EventType "swiss"]
[EventRounds "7"]
[EventCountry "GER"]
[SourceTitle "CBM 194 Extra"]
[Source "ChessBase"]
[SourceDate "2020.03.31"]
[SourceVersion "1"]
[SourceVersionDate "2020.03.31"]
[SourceQuality "1"]

1. d4 Nf6 2. Nf3 g6 3. c4 Bg7 4. Nc3 d5 5. cxd5 Nxd5 6. e4 Nxc3 7. bxc3 c5 8. Bb2 0-0 9. Bc4 Bg4 10. Be2 cxd4 11. cxd4 Nc6 12. e5 Qa5+ 13. Qd2 Qxd2+ 14. Nxd2 Bxe2 15. Kxe2 Rfd8 16. Nf3 Rd5 17. a4 Bh6 18. Rhd1 Rc8 19. Bc1 Bf8 20. Be3 e6 21. Rac1 Bb4 22. Rc4 Ra5 23. Nd2 Rxa4 24. Ne4 Ra2+ 25. Kf1 Kg7 26. d5 exd5 27. Rxd5 Ra1+ 28. Ke2 Re1+ 29. Kd3 Rd1+ 30. Bd2 Bxd2 31. Nxd2 Nxe5+ 32. Rxe5 Rxc4 33. Kxc4 Rxd2 0-1

[Event "Rhein Main op-A 22nd"]
[Site "Bad Homburg"]
[Date "2019.06.19"]
[Round "1"]
[White "Masoudi, Kian"]
[Black "Englert, Jon"]
[Result "0-1"]
[WhiteElo "1611"]
[BlackElo "2045"]
[PlyCount "110"]
[EventDate "2019.06.19"]
[EventType "swiss"]
[EventRounds "9"]
[EventCountry "GER"]
[SourceTitle "EXT 2020"]
[Source "ChessBase"]
[SourceDate "2019.10.17"]
[SourceVersion "1"]
[SourceVersionDate "2019.10.17"]
[SourceQuality "1"]

1. e4 c5 2. d4 cxd4 3. c3 d3 4. Bxd3 d6 5. Nf3 Nc6 6. h3 Nf6 7. 0-0 g6 8. Re1 Bg7 9. Be3 0-0 10. Qd2 b6 11. Na3 Bb7 12. Nc2 Rc8 13. Bh6 Na5 14. Bxg7 Kxg7 15. Rad1 Qc7 16. Ncd4 Nc4 17. Qe2 Nh5 18. Nb5 Qc5 19. Bxc4 Qxc4 20. Qxc4 Rxc4 21. Nd2 Rc5 22. Nd4 Nf4 23. N2f3 Rd8 24. Re3 Ba6 25. Kh2 e5 26. Nb3 Rcc8 27. Nc1 f6 28. g3 Ne6 29. Nd3 Rd7 30. Nb4 Bb7 31. Nd5 Nc7 32. c4 Nxd5 33. cxd5 Rc2 34. Rd2 Rdc7 35. Red3 f5 36. Ng5 Bc8 37. f3 h6 38. Ne6+ Bxe6 39. dxe6 Rxd2+ 40. Rxd2 Rc6 41. Rd3 Kf6 42. exf5 gxf5 43. Ra3 a5 44. Rb3 Kxe6 45. h4 d5 46. Kg2 Kd6 47. Kf2 Rc2+ 48. Ke3 Kc5 49. Kd3 Rc4 50. Rc3 e4+ 51. fxe4 dxe4+ 52. Ke3 Rxc3+ 53. bxc3 h5 54. g4 fxg4 55. Kxe4 Kc4 0-1

[Event "Pfalz op 10th"]
[Site "Neustadt an der Weinstrasse"]
[Date "2019.03.05"]
[Round "8"]
[White "Englert, Jon"]
[Black "Weber, Samuel"]
[Result "0-1"]
[WhiteElo "2056"]
[BlackElo "2166"]
[PlyCount "110"]
[EventDate "2019.03.01"]
[EventType "swiss"]
[EventRounds "9"]
[EventCountry "GER"]
[SourceTitle "CBM 189 Extra"]
[Source "ChessBase"]
[SourceDate "2019.05.31"]
[SourceVersion "1"]
[SourceVersionDate "2019.05.31"]
[SourceQuality "1"]

1. d4 Nf6 2. c4 e6 3. Nc3 c5 4. d5 exd5 5. cxd5 d6 6. e4 g6 7. f3 Bg7 8. Bg5 Qb6 9. Qd2 0-0 10. Nge2 Nbd7 11. Ng3 Re8 12. Be2 a6 13. a4 h5 14. 0-0 Nh7 15. Be3 h4 16. Nh1 f5 17. Nf2 Ndf6 18. a5 Qc7 19. Bc4 Bd7 20. Rfe1 b5 21. axb6 Qxb6 22. Qe2 a5 23. Ra2 Nh5 24. Rea1 Bd4 25. Bxd4 cxd4 26. Na4 Qb4 27. b3 N7f6 28. Qd3 fxe4 29. Nxe4 Nxe4 30. fxe4 Bxa4 31. Rxa4 Qc3 32. Qxc3 dxc3 33. Bb5 Rec8 34. Bc6 Rab8 35. Rxa5 Rxb3 36. R5a3 Rxa3 37. Rxa3 Nf4 38. Kf1 Rf8 39. Rxc3 h3 40. Rf3 hxg2+ 41. Kg1 g5 42. Bd7 Ra8 43. Rxf4 gxf4 44. Kxg2 Ra3 45. h4 Kg7 46. h5 Kh6 47. Be8 Kg5 48. Bg6 Kg4 49. h6 Ra2+ 50. Kf1 Kg3 51. h7 Rh2 52. e5 f3 53. Ke1 f2+ 54. Kd2 Kg2 55. Be4+ Kg1 0-1

[Event "Staufer op 31st"]
[Site "Schwaebisch Gmuend"]
[Date "2019.01.04"]
[Round "5"]
[White "Englert, Jon"]
[Black "Jansen, Dirk Norbert"]
[Result "1/2-1/2"]
[WhiteElo "1964"]
[BlackElo "2222"]
[PlyCount "56"]
[EventDate "2019.01.02"]
[EventType "swiss"]
[EventRounds "9"]
[EventCountry "GER"]
[SourceTitle "CBM 188 Extra"]
[Source "ChessBase"]
[SourceDate "2019.02.28"]
[SourceVersion "1"]
[SourceVersionDate "2019.02.28"]
[SourceQuality "1"]

1. g3 f5 2. Bg2 Nf6 3. d3 e5 4. c4 c6 5. e3 a5 6. Ne2 Na6 7. 0-0 g6 8. b3 Bg7 9. Bb2 d6 10. Nbc3 0-0 11. d4 Qe7 12. a3 Rb8 13. Qc2 Bd7 14. Rfd1 b5 15. cxb5 cxb5 16. dxe5 dxe5 17. Nd5 Nxd5 18. Bxd5+ Be6 19. Qc6 Bxd5 20. Rxd5 Rf6 21. Qd7 Qxd7 22. Rxd7 Rf7 23. Rd5 Nc7 24. Rc5 Ne6 25. Rc6 Ng5 26. Rd1 f4 27. exf4 exf4 28. Bxg7 f3 1/2-1/2

[Event "Staufer op 31st"]
[Site "Schwaebisch Gmuend"]
[Date "2019.01.04"]
[Round "6"]
[White "Van Delft, Merijn"]
[Black "Englert, Jon"]
[Result "1-0"]
[WhiteElo "2349"]
[BlackElo "1964"]
[PlyCount "69"]
[EventDate "2019.01.02"]
[EventType "swiss"]
[EventRounds "9"]
[EventCountry "GER"]
[SourceTitle "CBM 188 Extra"]
[Source "ChessBase"]
[SourceDate "2019.02.28"]
[SourceVersion "1"]
[SourceVersionDate "2019.02.28"]
[SourceQuality "1"]

1. e4 c5 2. Nf3 d6 3. d4 cxd4 4. Nxd4 Nf6 5. Nc3 g6 6. g3 Bg7 7. Bg2 0-0 8. 0-0 Bd7 9. h3 Nc6 10. Nde2 a6 11. a4 Rc8 12. Be3 Na5 13. b3 b5 14. axb5 axb5 15. Qd2 Qc7 16. Ra2 Nb7 17. Bd4 Bc6 18. b4 Ra8 19. Rfa1 Rxa2 20. Rxa2 e6 21. Qd3 Qd7 22. Ra7 Rd8 23. Bb6 Rb8 24. Nd4 d5 25. Nxc6 Qxc6 26. Bd4 dxe4 27. Nxe4 Nxe4 28. Bxe4 Qc8 29. Bxg7 Kxg7 30. Qxb5 Nd8 31. Qe5+ Kg8 32. b5 Nb7 33. h4 h6 34. c4 Nd8 35. Rc7 1-0

[Event "Heusenstamm Sparkassen op-A 5th"]
[Site "Heusenstamm"]
[Date "2018.11.25"]
[Round "7"]
[White "Englert, Jon"]
[Black "Eg, Karlheinz"]
[Result "1-0"]
[WhiteElo "2022"]
[BlackElo "1872"]
[PlyCount "95"]
[EventDate "2018.11.22"]
[EventType "swiss"]
[EventRounds "7"]
[EventCountry "GER"]
[SourceTitle "CBM 188 Extra"]
[Source "ChessBase"]
[SourceDate "2019.02.28"]
[SourceVersion "1"]
[SourceVersionDate "2019.02.28"]
[SourceQuality "1"]

1. d4 Nf6 2. c4 g6 3. f3 c5 4. d5 d6 5. e4 Bg7 6. Ne2 Bd7 7. Nec3 Na6 8. Be3 Rb8 9. Qd2 Nc7 10. a4 0-0 11. Na3 a6 12. Be2 Qe8 13. 0-0 Kh8 14. b3 Ng8 15. Rac1 f5 16. Kh1 Qf7 17. Bd3 f4 18. Bf2 g5 19. g4 Be5 20. h3 Qg7 21. Kg2 Rf6 22. Rh1 Rh6 23. Be2 Rf8 24. Nab1 Ne8 25. Rcg1 Nef6 26. Kf1 Rg6 27. h4 gxh4 28. Rxh4 Nxg4 29. fxg4 f3 30. Bd3 Bxg4 31. Rgh1 h6 32. Nd1 Bf4 33. Ne3 Bd7 34. Rxf4 Rxf4 35. Nf5 Rxf5 36. exf5 Rg2 37. Be4 Qg4 38. Nc3 Bxf5 39. Rh4 Qxh4 40. Bxh4 Rxd2 41. Bxf5 Rb2 42. Ke1 Rh2 43. Bg3 Rg2 44. Bh4 Nf6 45. Bxf6+ exf6 46. Ne4 Re2+ 47. Kf1 h5 48. Nxd6 1-0

[Event "Heusenstamm Sparkassen op-A 5th"]
[Site "Heusenstamm"]
[Date "2018.11.24"]
[Round "4"]
[White "Haller, Luis"]
[Black "Englert, Jon"]
[Result "1/2-1/2"]
[WhiteElo "1890"]
[BlackElo "2022"]
[PlyCount "163"]
[EventDate "2018.11.22"]
[EventType "swiss"]
[EventRounds "7"]
[EventCountry "GER"]
[SourceTitle "CBM 188 Extra"]
[Source "ChessBase"]
[SourceDate "2019.02.28"]
[SourceVersion "1"]
[SourceVersionDate "2019.02.28"]
[SourceQuality "1"]

1. d4 Nf6 2. c4 c5 3. d5 e6 4. dxe6 fxe6 5. Nc3 a6 6. e4 Nc6 7. Bf4 d6 8. Nf3 Qc7 9. Qd2 Nd4 10. 0-0-0 e5 11. Bg5 Be6 12. Bd3 Be7 13. Nd5 Bxd5 14. exd5 g6 15. Rhe1 0-0-0 16. Nxd4 cxd4 17. Kb1 Nh5 18. Bxe7 Qxe7 19. Rc1 Kb8 20. Qb4 Rc8 21. Rc2 Rc7 22. Qb6 Ka8 23. c5 Rxc5 24. Rxc5 dxc5 25. d6 Qf6 26. Be4 Qf7 27. Qxa6+ Kb8 28. Qb5 Rd8 29. Qxc5 Qd7 30. Qxe5 Qxd6 31. Qxd6+ Rxd6 32. g3 Nf6 33. Bf3 Nd7 34. Kc2 Rf6 35. Bg4 Rxf2+ 36. Re2 Rf7 37. Bxd7 Rxd7 38. Kd3 Ka7 39. Re4 Rf7 40. Rf4 Re7 41. Rxd4 Re1 42. Rh4 Re7 43. Re4 Rc7 44. Re2 Kb6 45. Ke4 Re7+ 46. Kf3 Rf7+ 47. Kg4 Kc6 48. Rd2 Rf5 49. h4 Kc7 50. Rh2 h5+ 51. Kh3 Kd7 52. Rg2 Rf3 53. Kh2 Ke7 54. g4 hxg4 55. Rxg4 Rf6 56. Rb4 b6 57. Kg3 Rd6 58. Kg4 Kf6 59. Rf4+ Kg7 60. h5 gxh5+ 61. Kxh5 Rd2 62. Rb4 Rd6 63. Kg5 Kf7 64. Kf5 Ke7 65. Ke5 Rh6 66. Kd5 Kd7 67. Rg4 Rh5+ 68. Kc4 Kc6 69. Rg6+ Kc7 70. Kb4 Rf5 71. Rg4 Kc6 72. a4 Rh5 73. Kc3 Rf5 74. b4 Rh5 75. Kc4 b5+ 76. axb5+ Kb6 77. Rg6+ Kb7 78. Rd6 Rh1 79. b6 Rh5 80. b5 Rh1 81. Rd7+ Kxb6 82. Rd6+ 1/2-1/2

[Event "EU Union-ch U14"]
[Site "Kouty nad Desnou"]
[Date "2018.08.10"]
[Round "4"]
[White "Englert, Jon"]
[Black "Bochnicka, Vladimir1"]
[Result "0-1"]
[WhiteElo "1969"]
[BlackElo "2052"]
[PlyCount "120"]
[EventDate "2018.08.07"]
[EventType "swiss"]
[EventRounds "9"]
[EventCountry "CZE"]
[SourceTitle "CBM 186 Extra"]
[Source "ChessBase"]
[SourceDate "2018.08.24"]
[SourceVersion "1"]
[SourceVersionDate "2018.08.24"]
[SourceQuality "1"]

1. e4 e5 2. Bc4 Nf6 3. d3 Nc6 4. Nc3 Bc5 5. f4 d6 6. Na4 Bxg1 7. Rxg1 Ng4 8. g3 exf4 9. Bxf4 g5 10. Bd2 Nge5 11. g4 Nd4 12. Rg3 Qf6 13. Bc3 c5 14. Bxd4 cxd4 15. Bb5+ Kf8 16. Qe2 Qf4 17. Qf2 Bxg4 18. Qxf4 gxf4 19. Rg2 Bh3 20. Rf2 f3 21. Kd2 Bg2 22. Rg1 Rb8 23. c3 a6 24. cxd4 axb5 25. Nb6 Ng4 26. Rfxg2 fxg2 27. Nd7+ Ke7 28. Nxb8 Rxb8 29. Rxg2 Nf6 30. Rg5 d5 31. e5 Nd7 32. Rg7 Rh8 33. Kc3 Nf8 34. Rg4 Ne6 35. Kb4 Ra8 36. a3 Ra4+ 37. Kxb5 Rxd4 38. Rxd4 Nxd4+ 39. Kc5 Nf3 40. Kxd5 Nxh2 41. Ke4 Ng4 42. d4 h5 43. Kf5 f6 44. a4 Nh6+ 45. Kf4 fxe5+ 46. dxe5 Ke6 47. b4 Nf5 48. b5 Ne7 49. a5 Nc8 50. b6 Nxb6 51. axb6 h4 52. Kg4 Kxe5 53. Kxh4 Kd6 54. Kg4 Kc5 55. Kf4 Kxb6 56. Ke4 Ka5 57. Kd3 Ka4 58. Kc2 Ka3 59. Kb1 b6 60. Ka1 b5 0-1

[Event "EU Union-ch U14"]
[Site "Kouty nad Desnou"]
[Date "2018.08.08"]
[Round "2"]
[White "Glinzner, Alva"]
[Black "Englert, Jon"]
[Result "1/2-1/2"]
[WhiteElo "1854"]
[BlackElo "1969"]
[PlyCount "134"]
[EventDate "2018.08.07"]
[EventType "swiss"]
[EventRounds "9"]
[EventCountry "CZE"]
[SourceTitle "CBM 186 Extra"]
[Source "ChessBase"]
[SourceDate "2018.08.24"]
[SourceVersion "1"]
[SourceVersionDate "2018.08.24"]
[SourceQuality "1"]

1. c4 c5 2. Nf3 Nc6 3. d4 cxd4 4. Nxd4 g6 5. e4 Bg7 6. Be3 d6 7. Nc3 Nf6 8. Be2 Bd7 9. Rc1 0-0 10. 0-0 Nxd4 11. Bxd4 Bc6 12. f3 a6 13. a4 Qa5 14. b3 e6 15. Qd2 d5 16. Qe3 dxe4 17. fxe4 Nd7 18. Bxg7 Kxg7 19. Rb1 Qc5 20. Qxc5 Nxc5 21. Bf3 Rad8 22. a5 Rd3 23. Rfc1 f5 24. Be2 Rd2 25. exf5 exf5 26. b4 Ne4 27. Bf1 Nxc3 28. Rxc3 Be4 29. Ra1 Rc8 30. Rb3 h5 31. b5 axb5 32. Rxb5 Ra8 33. Rb6 h4 34. a6 Rxa6 35. Raxa6 bxa6 36. Rxa6 Rc2 37. Ra3 f4 38. h3 Kf6 39. Rb3 Ke5 40. Ra3 Kd4 41. Rb3 Kc5 42. Rb5+ Kd4 43. Rb3 Ra2 44. Kh1 Ra1 45. Kg1 Bc2 46. Rf3 g5 47. Kf2 Ra2 48. Kg1 Ra5 49. Kf2 Ra2 50. Kg1 Kc5 51. Rf2 Bb1 52. Rxa2 Bxa2 53. Kf2 Bb1 54. Kf3 Bf5 55. Be2 Kd4 56. Kf2 Be6 57. Kf3 Bd7 58. Kf2 Bf5 59. Kf3 Be4+ 60. Kg4 Bxg2 61. Kxg5 Bxh3 62. Kxf4 Bd7 63. Bf1 Be6 64. Kg5 Bxc4 65. Bxc4 h3 66. Ba6 h2 67. Bb7 Ke5 1/2-1/2

[Event "EU Union-ch U14"]
[Site "Kouty nad Desnou"]
[Date "2018.08.07"]
[Round "1"]
[White "Englert, Jon"]
[Black "Reuter, Marek1"]
[Result "1-0"]
[WhiteElo "1969"]
[BlackElo "1635"]
[PlyCount "69"]
[EventDate "2018.08.07"]
[EventType "swiss"]
[EventRounds "9"]
[EventCountry "CZE"]
[SourceTitle "CBM 186 Extra"]
[Source "ChessBase"]
[SourceDate "2018.08.24"]
[SourceVersion "1"]
[SourceVersionDate "2018.08.24"]
[SourceQuality "1"]

1. d4 d5 2. c4 e6 3. Nc3 Nf6 4. cxd5 exd5 5. Bg5 Nbd7 6. e3 c6 7. Bd3 Bb4 8. Qc2 h6 9. Bh4 0-0 10. Nf3 Qc7 11. 0-0 a6 12. Bg3 Bd6 13. b4 Nb6 14. Ne2 Re8 15. Bxd6 Qxd6 16. Qc5 Qc7 17. Ng3 Ne4 18. Qc2 f5 19. Ne5 Nd7 20. f4 Ndf6 21. Ne2 a5 22. a3 Qd6 23. Rab1 axb4 24. axb4 Bd7 25. Rfc1 Rec8 26. Nc3 b6 27. Nxe4 fxe4 28. Be2 Ra7 29. Rb3 Rac7 30. Qb2 c5 31. bxc5 bxc5 32. Rb6 Qe7 33. Ba6 Ra8 34. Bb7 Rb8 35. Bxd5+ 1-0

[Event "GER-ch U25-A"]
[Site "Willingen"]
[Date "2018.05.26"]
[Round "9"]
[White "Hovhannisyan, Artur"]
[Black "Englert, Jon"]
[Result "1-0"]
[WhiteElo "2034"]
[BlackElo "1978"]
[PlyCount "101"]
[EventDate "2018.05.19"]
[EventType "swiss"]
[EventRounds "9"]
[EventCountry "GER"]
[SourceTitle "CBM 184 Extra"]
[Source "ChessBase"]
[SourceDate "2018.06.28"]
[SourceVersion "1"]
[SourceVersionDate "2018.06.28"]
[SourceQuality "1"]

1. d4 Nf6 2. Nf3 g6 3. c4 Bg7 4. Nc3 d6 5. Bf4 0-0 6. h3 Nbd7 7. e3 c5 8. Be2 b6 9. 0-0 Bb7 10. d5 a6 11. a4 Ne8 12. Qc2 Nc7 13. e4 h6 14. Bd3 b5 15. axb5 axb5 16. cxb5 Nb6 17. Nd2 e6 18. Nc4 Nxc4 19. Bxc4 exd5 20. exd5 g5 21. Bd2 Be5 22. Kh1 g4 23. Qf5 Bc8 24. Qh5 Rxa1 25. Rxa1 Ne8 26. Bxh6 Ng7 27. Qg5 Bf6 28. Qd2 gxh3 29. g3 Re8 30. Bxg7 Bxg7 31. Re1 Bf5 32. Kh2 Re5 33. Rxe5 Bxe5 34. Bd3 Bxd3 35. Qxd3 Bd4 36. Qf5 Qa5 37. Kxh3 Bxc3 38. bxc3 Qxb5 39. Kh4 Qf1 40. f4 Qh1+ 41. Kg5 Qf3 42. Kh6 Qh1+ 43. Qh5 Qe4 44. Qg5+ Kf8 45. Qd8+ Qe8 46. Qxe8+ Kxe8 47. g4 Kf8 48. Kh7 Ke7 49. g5 c4 50. f5 f6 51. g6 1-0

[Event "GER-ch U25-A"]
[Site "Willingen"]
[Date "2018.05.22"]
[Round "4"]
[White "Englert, Jon"]
[Black "Guenther, Emil"]
[Result "1-0"]
[WhiteElo "1978"]
[BlackElo "1836"]
[PlyCount "45"]
[EventDate "2018.05.19"]
[EventType "swiss"]
[EventRounds "9"]
[EventCountry "GER"]
[SourceTitle "CBM 184 Extra"]
[Source "ChessBase"]
[SourceDate "2018.06.28"]
[SourceVersion "1"]
[SourceVersionDate "2018.06.28"]
[SourceQuality "1"]

1. d4 Nf6 2. c4 e6 3. Nc3 d5 4. cxd5 exd5 5. Bg5 Be7 6. Qc2 0-0 7. e3 b6 8. Bd3 h6 9. h4 Ba6 10. Nf3 Bxd3 11. Qxd3 c6 12. Bxf6 Bxf6 13. g4 Re8 14. 0-0-0 Kf8 15. Rdg1 Qd6 16. g5 Bd8 17. Ne5 Ke7 18. e4 a6 19. exd5 cxd5 20. Re1 Kf8 21. Qh7 Rxe5 22. Rxe5 f6 23. Qh8+ 1-0

[Event "Hofheim Spring op 6th"]
[Site "Hofheim"]
[Date "2018.04.07"]
[Round "9"]
[White "Englert, Jon"]
[Black "Engel, Berthold"]
[Result "1/2-1/2"]
[WhiteElo "2035"]
[BlackElo "2139"]
[PlyCount "88"]
[EventDate "2018.04.03"]
[EventType "swiss"]
[EventRounds "9"]
[EventCountry "GER"]
[SourceTitle "CBM 183 Extra"]
[Source "ChessBase"]
[SourceDate "2018.04.19"]
[SourceVersion "1"]
[SourceVersionDate "2018.04.19"]
[SourceQuality "1"]

1. g3 d5 2. Bg2 c6 3. Nf3 Nf6 4. d3 Bg4 5. Nbd2 Qc8 6. h3 Bf5 7. Nh4 Bd7 8. Nhf3 g6 9. e4 dxe4 10. dxe4 Bg7 11. c3 Na6 12. Qc2 Nc5 13. Nd4 0-0 14. Nc4 Rd8 15. Be3 Ne6 16. Ne2 Nc7 17. g4 Be6 18. Nd2 Nd7 19. f4 f6 20. Bf3 Nb6 21. 0-0-0 Nc4 22. Nxc4 Bxc4 23. h4 Rxd1+ 24. Rxd1 Qe8 25. h5 gxh5 26. gxh5 Bh6 27. Nd4 e6 28. Kb1 Rd8 29. b3 Ba6 30. Rg1+ Kh8 31. Qg2 Bd3+ 32. Kb2 Qf7 33. Be2 Bxe2 34. Qxe2 Rg8 35. Rxg8+ Qxg8 36. Nc2 b6 37. Qd2 Qe8 38. Nb4 Bf8 39. Nc2 Nb5 40. a4 Nd6 41. e5 fxe5 42. fxe5 Nf5 43. Bg5 Bg7 44. Bf6 Kg8 1/2-1/2

[Event "Hofheim Spring op 6th"]
[Site "Hofheim"]
[Date "2018.04.06"]
[Round "6"]
[White "Englert, Jon"]
[Black "Tschlatscher, Thomas"]
[Result "0-1"]
[WhiteElo "2035"]
[BlackElo "2141"]
[PlyCount "116"]
[EventDate "2018.04.03"]
[EventType "swiss"]
[EventRounds "9"]
[EventCountry "GER"]
[SourceTitle "CBM 183 Extra"]
[Source "ChessBase"]
[SourceDate "2018.04.19"]
[SourceVersion "1"]
[SourceVersionDate "2018.04.19"]
[SourceQuality "1"]

1. d4 Nf6 2. c4 e6 3. Nc3 d5 4. cxd5 exd5 5. Bg5 c6 6. Qc2 Be7 7. e3 Nbd7 8. Bd3 Nf8 9. Nf3 Ne6 10. Bxf6 Bxf6 11. Bxh7 g6 12. Bxg6 fxg6 13. Qxg6+ Ke7 14. Ne5 Qg8 15. Qxg8 Rxg8 16. Rg1 Bxe5 17. dxe5 Nc5 18. Kd2 Bf5 19. f4 Ne4+ 20. Ke2 Nxc3+ 21. bxc3 Rh8 22. h3 Be4 23. Raf1 Rag8 24. Kf2 Rh6 25. Rd1 c5 26. Rd2 a5 27. Rb2 b6 28. a3 Kd7 29. a4 Kc6 30. Ra2 b5 31. axb5+ Kxb5 32. Rb2+ Kc4 33. Ra2 Rhg6 34. g4 Rh6 35. Kg3 Rgh8 36. Rh2 Rb6 37. h4 Bb1 38. h5 a4 39. g5 a3 40. Kg4 a2 41. Rxa2 Bxa2 42. g6 Bb1 43. f5 Bxf5+ 44. Kxf5 Rxh5+ 45. Rg5 Rxg5+ 46. Kxg5 Kxc3 47. g7 Rb8 48. Kf6 d4 49. exd4 cxd4 50. Kf7 d3 51. e6 d2 52. g8Q Rxg8 53. Kxg8 d1Q 54. e7 Qg4+ 55. Kf7 Qf5+ 56. Kg7 Qe6 57. Kf8 Qf6+ 58. Ke8 Kd4 0-1

[Event "Hofheim Spring op 6th"]
[Site "Hofheim"]
[Date "2018.04.04"]
[Round "2"]
[White "Nguyen, Alex Dac Vuong"]
[Black "Englert, Jon"]
[Result "1-0"]
[WhiteElo "2195"]
[BlackElo "2035"]
[PlyCount "135"]
[EventDate "2018.04.03"]
[EventType "swiss"]
[EventRounds "9"]
[EventCountry "GER"]
[SourceTitle "CBM 183 Extra"]
[Source "ChessBase"]
[SourceDate "2018.04.19"]
[SourceVersion "1"]
[SourceVersionDate "2018.04.19"]
[SourceQuality "1"]

1. e4 g6 2. d4 Bg7 3. Bc4 d6 4. Nf3 e6 5. 0-0 Nd7 6. Nc3 a6 7. a4 b6 8. Re1 Bb7 9. Bf4 Ne7 10. Qd2 h6 11. h4 Nc6 12. d5 Nce5 13. Nxe5 Nxe5 14. Bxe5 dxe5 15. Rad1 exd5 16. Bxd5 c6 17. Bb3 Qxd2 18. Rxd2 Ra7 19. Red1 Bc8 20. Rd6 Rc7 21. a5 b5 22. Na2 c5 23. Nc3 c4 24. Rd8+ Ke7 25. Rxh8 Bxh8 26. Nd5+ Kd6 27. Nxc7+ Kxc7 28. Ba2 Bf6 29. g3 Bg4 30. Re1 Be7 31. c3 Be6 32. Rb1 Kc6 33. Kf1 Bd8 34. b3 Bxa5 35. bxc4 bxc4 36. Rc1 Kb5 37. Ke2 Ka4 38. Kd2 Bb6 39. Ra1 Kb5 40. Ke2 Ba5 41. Kd2 Bb6 42. Rf1 Bd8 43. f3 h5 44. Bb1 Bh3 45. Rd1 Ba5 46. Bc2 Bg2 47. Rb1+ Kc5 48. Bd1 Bh3 49. Rb8 Bc7 50. Ra8 a5 51. Ba4 Be6 52. Ra6 Bb6 53. Be8 a4 54. Rxa4 Kd6 55. Ke2 Bd8 56. Ra7 Bc7 57. Rb7 Ba5 58. Kd2 Bc7 59. Kc2 Bc8 60. Rxc7 Kxc7 61. Bxf7 Kd7 62. Bxg6 Ke7 63. Bxh5 Bh3 64. Bg4 Bg2 65. Kd2 Bf1 66. f4 Kf6 67. f5 Bd3 68. Ke3 1-0